• 首页
  • 本馆介绍
  • 公告通知
  • 最新文献
  • 馆藏检索
  • 电子资源
  • 读者导购
  • 参考咨询
  • 我的图书馆
  • 登录
  • 详细信息显示
  • 放入我的书架
  • 预约/预借图书
  • 作者相关作品
  • 分类相关作品
  • 丛书相关作品
  • 出版社相关作品

书目信息

  • 表格格式
  • 工作单格式
  • 卡片格式
题名:
优良玉米杂交种介绍
    
 
作者: ;山东省农业科学院作物研究所 编
分册:  
出版信息: 北京   农业出版社  1978
页数: 172页
开本: 19cm
丛书名:
单 册:
中图分类: S513.023
科图分类:
主题词: 玉米--杂种
电子资源:
ISBN: 16144.1808
000 00718nam0 2200229 450
001 0178000193
005 20100713172032.0
010    @a16144.1808@dCNY0.40
091    @a16144.1808@dCNY0.40
100    @a20081016d1978 em y0chiy0121 ea
101 0  @achi
102    @aCN@b110000
105    @aa z 000yy
106    @ar
200 1  @a优良玉米杂交种介绍@9You Liang Yu Mi Za Jiao Zhong;Chong Jie Shao @f山东省农业科学院作物研究所编
210    @a北京@c农业出版社@d1978
215    @a172页@c图@d19cm
606 0  @a玉米@x杂种
690    @aS513.023@v4
711 02 @a山东省农业科学院作物研究所@9shan dong sheng nong ye ke xue yuan zuo wu yan jiu suo@4编
801  0 @aCN@bAzMarc@c20130904
905    @aBZT@dS51@e217@f6@sS51/217
    
    优良玉米杂交种介绍/山东省农业科学院作物研究所编.-北京:农业出版社,1978
    172页:图;19cm
    
    
    ISBN 16144.1808:CNY0.40
    
●
相关链接 在五车中查询图书 在当当中查询图书 在豆瓣中查询图书


正题名:优良玉米杂交种介绍     索取号:S51/217         预约/预借

序号 登录号 条形码 馆藏地/架位号 状态 备注
1 2000037930   2000037930   旧书回溯/ [索取号:S51/217] 在馆    
2 2000037931   2000037931   旧书回溯/ [索取号:S51/217] 在馆    
3 2000037932   2000037932   旧书回溯/ [索取号:S51/217] 在馆    
4 2000101046   2000101046   旧书回溯/ [索取号:S51/217] 在馆    
5 2000101047   2000101047   旧书回溯/ [索取号:S51/217] 在馆    
6 2000143675   2000143675   旧书回溯/ [索取号:S51/217] 在馆    
山东省滨州职业学院图书馆 欢迎您!
大连网信软件有限公司© 版权所有